|
|
|
|
| LEADER |
00000nab a2200000uu 4500 |
| 001 |
vtls011487598 |
| 003 |
SK-MaSNL |
| 005 |
20260303132724.0 |
| 008 |
230218|1954 xo |||||||||||||||||cze| |
| 015 |
|
|
|a SNBRB
|
| 035 |
|
|
|a (urnnbn)urn:nbn:sk:snk:ar-007bm4
|
| 035 |
|
|
|a (uuid)75e3f03a-ed59-464a-a4bc-ecf0e0335ba0
|
| 035 |
|
|
|a urn:nbn:sk:snk-abddgo
|
| 040 |
|
|
|a SNKBUCL
|b slo
|c SNKBUCL
|e AACR2
|
| 041 |
0 |
|
|a cze
|
| 044 |
|
|
|a xo
|c SK
|
| 100 |
1 |
|
|a Dvořáček, Čestmír,
|d 1915-1988
|4 aut
|9 42360
|
| 245 |
1 |
0 |
|a POUŽITÍ NUKLEÁRNÍCH BARVENÍ V CYTODIAGNOSTICE CA BRONCHU
|c Č. Dvořáček, V. Delong, R. Holuša
|
| 700 |
1 |
|
|a Holuša, R.
|4 aut
|9 1141453
|
| 700 |
1 |
|
|a Delong, V.
|4 aut
|9 1150690
|
| 773 |
0 |
|
|t Československá onkológia
|g Roč. 1, č. 2 (1954), s. 125-129
|
| 954 |
|
|
|a odborná, vedecká literatúra cudzojazyčná (svetová)
|2 lita
|
| 958 |
|
|
|a OND
|
| 958 |
|
|
|a EUIPO
|
| 958 |
|
|
|a article18
|
| 999 |
|
|
|c 1952721
|d 1954651
|